000
00295nam a22001337a 4500
020
_a
0673993477
082
_a
330
100
_a
Ralph T. Byrns
245
_a
Student guide for learning economics
250
_a
6th
260
_a
New York
_b
Harper Collins
_c
1995
300
_a
531p
942
_c
BK
999
_c
3185
_d
3185